Frederic Remington (1861-1909) : paintings, drawings, and sculpture in the collection of the R. W. Norton Art Gallery, Shreveport, Louisiana.

Bibliographic Details
Corporate Author: R.W. Norton Art Gallery
Other Authors: Remington, Frederic, 1861-1909
Format: Book
Language:English
Published: Shreveport, La. : The Gallery, [1979]
Subjects:

MARC

Tag First Indicator Second Indicator Subfields
LEADER 00000pam a2200000 i 4500
001 in00000039504
005 20231113185419.1
008 780920s1979 laua bc 001 0 eng
010 |a  78007114  
020 |a 0913060143 
035 |a (OCoLC)04496169 
035 |9 AAF6900AM 
040 |a DLC  |c DLC  |d TXA  |d UtOrBLW 
043 |a n-us-la 
049 |a TXAS  |c [1103004] 
050 0 0 |a N6537.R4  |b A4 1979b 
082 0 |a 709/.2/4 
110 2 |a R.W. Norton Art Gallery. 
245 1 0 |a Frederic Remington (1861-1909) :  |b paintings, drawings, and sculpture in the collection of the R. W. Norton Art Gallery, Shreveport, Louisiana. 
264 1 |a Shreveport, La. :  |b The Gallery,  |c [1979] 
264 4 |c ©1979 
300 |a 108 pages :  |b illustrations (some color) ;  |c 23 x31 cm. 
336 |a text  |b txt  |2 rdacontent 
337 |a unmediated  |b n  |2 rdamedia 
338 |a volume  |b nc  |2 rdacarrier 
504 |a Includes bibliographical references (pages 106-107) and index. 
600 1 0 |a Remington, Frederic,  |d 1861-1909  |x Catalogs. 
610 0 0 |a R.W. Norton Art Gallery  |x Catalogs. 
700 1 |a Remington, Frederic,  |d 1861-1909. 
999 |a MARS 
999 f f |s ea50be55-34ed-3089-8b3d-8fa329753b99  |i c7feb96f-49b5-30e6-9ee2-261ce26b2da5  |t 0 
952 f f |p noncirc  |a Texas A&M University  |b College Station  |c Cushing Memorial Library & Archives  |d Cushing: Dykes (Does not check out)  |t 0  |e N6537.R4 A4 1979b  |h Library of Congress classification  |i unmediated -- volume  |m A14853125477 
998 f f |a N6537.R4 A4 1979b  |t 0  |l Cushing: Dykes (Does not check out)